<?xml version="1.0" encoding="UTF-8"?><marc:collection xmlns:marc="http://www.loc.gov/MARC21/slim">
  <marc:record>
    <marc:leader>07935cam a2201525 c 4500</marc:leader>
    <marc:controlfield tag="001">024260630</marc:controlfield>
    <marc:controlfield tag="003">DE-627</marc:controlfield>
    <marc:controlfield tag="005">20260216092023.0</marc:controlfield>
    <marc:controlfield tag="007">tu</marc:controlfield>
    <marc:controlfield tag="008">830303s1982    gw ||||| c    00| ||ger c</marc:controlfield>
    <marc:datafield tag="015" ind1=" " ind2=" ">
      <marc:subfield code="a">82,N44,0002</marc:subfield>
      <marc:subfield code="2">dnb</marc:subfield>
    </marc:datafield>
    <marc:datafield tag="015" ind1=" " ind2=" ">
      <marc:subfield code="a">83,B04,0042</marc:subfield>
      <marc:subfield code="2">dnb</marc:subfield>
    </marc:datafield>
    <marc:datafield tag="016" ind1="7" ind2=" ">
      <marc:subfield code="a">830166602</marc:subfield>
      <marc:subfield code="2">DE-101</marc:subfield>
    </marc:datafield>
    <marc:datafield tag="020" ind1=" " ind2=" ">
      <marc:subfield code="a">3882261471</marc:subfield>
      <marc:subfield code="q"> : DM 60.00</marc:subfield>
    </marc:datafield>
    <marc:datafield tag="035" ind1=" " ind2=" ">
      <marc:subfield code="a">(DE-627)024260630</marc:subfield>
    </marc:datafield>
    <marc:datafield tag="035" ind1=" " ind2=" ">
      <marc:subfield code="a">(DE-603)029259649</marc:subfield>
    </marc:datafield>
    <marc:datafield tag="035" ind1=" " ind2=" ">
      <marc:subfield code="a">(DE-576)027814084</marc:subfield>
    </marc:datafield>
    <marc:datafield tag="035" ind1=" " ind2=" ">
      <marc:subfield code="a">(DE-599)GBV024260630</marc:subfield>
    </marc:datafield>
    <marc:datafield tag="035" ind1=" " ind2=" ">
      <marc:subfield code="a">(OCoLC)9971826</marc:subfield>
    </marc:datafield>
    <marc:datafield tag="035" ind1=" " ind2=" ">
      <marc:subfield code="a">(OCoLC)311333232</marc:subfield>
    </marc:datafield>
    <marc:datafield tag="035" ind1=" " ind2=" ">
      <marc:subfield code="a">(OCoLC)611978639</marc:subfield>
    </marc:datafield>
    <marc:datafield tag="040" ind1=" " ind2=" ">
      <marc:subfield code="a">DE-627</marc:subfield>
      <marc:subfield code="b">ger</marc:subfield>
      <marc:subfield code="c">DE-627</marc:subfield>
      <marc:subfield code="e">rakwb</marc:subfield>
    </marc:datafield>
    <marc:datafield tag="041" ind1=" " ind2=" ">
      <marc:subfield code="a">ger</marc:subfield>
    </marc:datafield>
    <marc:datafield tag="044" ind1=" " ind2=" ">
      <marc:subfield code="c">XA-DE</marc:subfield>
    </marc:datafield>
    <marc:datafield tag="050" ind1=" " ind2="0">
      <marc:subfield code="a">Z8.A78</marc:subfield>
    </marc:datafield>
    <marc:datafield tag="082" ind1="0" ind2=" ">
      <marc:subfield code="a">011/.31/07403136</marc:subfield>
      <marc:subfield code="q">OCLC</marc:subfield>
    </marc:datafield>
    <marc:datafield tag="082" ind1="0" ind2=" ">
      <marc:subfield code="a">011.3107403136</marc:subfield>
      <marc:subfield code="q">LoC</marc:subfield>
      <marc:subfield code="2">DDC19oclc</marc:subfield>
    </marc:datafield>
    <marc:datafield tag="084" ind1=" " ind2=" ">
      <marc:subfield code="a">09</marc:subfield>
      <marc:subfield code="a">02</marc:subfield>
      <marc:subfield code="a">46</marc:subfield>
      <marc:subfield code="a">03</marc:subfield>
      <marc:subfield code="2">sdnb</marc:subfield>
    </marc:datafield>
    <marc:datafield tag="084" ind1=" " ind2=" ">
      <marc:subfield code="a">6,24</marc:subfield>
      <marc:subfield code="2">ssgn</marc:subfield>
    </marc:datafield>
    <marc:datafield tag="084" ind1=" " ind2=" ">
      <marc:subfield code="a">AM 44000</marc:subfield>
      <marc:subfield code="2">rvk</marc:subfield>
      <marc:subfield code="0">(DE-625)rvk/4296:</marc:subfield>
    </marc:datafield>
    <marc:datafield tag="084" ind1=" " ind2=" ">
      <marc:subfield code="a">EL 7650</marc:subfield>
      <marc:subfield code="2">rvk</marc:subfield>
      <marc:subfield code="0">(DE-625)rvk/24825:</marc:subfield>
    </marc:datafield>
    <marc:datafield tag="084" ind1=" " ind2=" ">
      <marc:subfield code="a">06.17</marc:subfield>
      <marc:subfield code="2">bkl</marc:subfield>
    </marc:datafield>
    <marc:datafield tag="084" ind1=" " ind2=" ">
      <marc:subfield code="a">06.21</marc:subfield>
      <marc:subfield code="2">bkl</marc:subfield>
    </marc:datafield>
    <marc:datafield tag="245" ind1="0" ind2="4">
      <marc:subfield code="a">Das Buch im Orient</marc:subfield>
      <marc:subfield code="b">Handschriften und kostbare Drucke aus zwei Jahrtausenden : Ausstellung 16. November 1982 - 5. Februar 1983</marc:subfield>
      <marc:subfield code="c">Bayerische Staatsbibliothek. [Koordination der Ausstellung und Katalogred. Karl Dachs. Verf. der Katalogbeschreibungen, Julius Aßfalg ...]</marc:subfield>
    </marc:datafield>
    <marc:datafield tag="264" ind1=" " ind2="1">
      <marc:subfield code="a">Wiesbaden</marc:subfield>
      <marc:subfield code="b">Reichert</marc:subfield>
      <marc:subfield code="c">1982</marc:subfield>
    </marc:datafield>
    <marc:datafield tag="300" ind1=" " ind2=" ">
      <marc:subfield code="a">340 S.</marc:subfield>
      <marc:subfield code="b">Ill.</marc:subfield>
      <marc:subfield code="c">28 cm</marc:subfield>
    </marc:datafield>
    <marc:datafield tag="336" ind1=" " ind2=" ">
      <marc:subfield code="a">Text</marc:subfield>
      <marc:subfield code="b">txt</marc:subfield>
      <marc:subfield code="2">rdacontent</marc:subfield>
    </marc:datafield>
    <marc:datafield tag="336" ind1=" " ind2=" ">
      <marc:subfield code="a">unbewegtes Bild</marc:subfield>
      <marc:subfield code="b">sti</marc:subfield>
      <marc:subfield code="2">rdacontent</marc:subfield>
    </marc:datafield>
    <marc:datafield tag="337" ind1=" " ind2=" ">
      <marc:subfield code="a">ohne Hilfsmittel zu benutzen</marc:subfield>
      <marc:subfield code="b">n</marc:subfield>
      <marc:subfield code="2">rdamedia</marc:subfield>
    </marc:datafield>
    <marc:datafield tag="338" ind1=" " ind2=" ">
      <marc:subfield code="a">Band</marc:subfield>
      <marc:subfield code="b">nc</marc:subfield>
      <marc:subfield code="2">rdacarrier</marc:subfield>
    </marc:datafield>
    <marc:datafield tag="490" ind1="1" ind2=" ">
      <marc:subfield code="a">Ausstellungskataloge / Bayerische Staatsbibliothek</marc:subfield>
      <marc:subfield code="v">27</marc:subfield>
    </marc:datafield>
    <marc:datafield tag="500" ind1=" " ind2=" ">
      <marc:subfield code="a">Literaturangaben</marc:subfield>
    </marc:datafield>
    <marc:datafield tag="505" ind1="8" ind2=" ">
      <marc:subfield code="a">Literaturangaben</marc:subfield>
    </marc:datafield>
    <marc:datafield tag="583" ind1="1" ind2=" ">
      <marc:subfield code="a">Archivierung/Langzeitarchivierung gewährleistet</marc:subfield>
      <marc:subfield code="f">SSG</marc:subfield>
      <marc:subfield code="x">XA-DE-BW</marc:subfield>
      <marc:subfield code="2">pdager</marc:subfield>
      <marc:subfield code="5">DE-21</marc:subfield>
    </marc:datafield>
    <marc:datafield tag="583" ind1="1" ind2=" ">
      <marc:subfield code="a">Archivierung/Langzeitarchivierung gewährleistet</marc:subfield>
      <marc:subfield code="f">SSG</marc:subfield>
      <marc:subfield code="x">XA-DE-BW</marc:subfield>
      <marc:subfield code="2">pdager</marc:subfield>
      <marc:subfield code="5">DE-16-77</marc:subfield>
    </marc:datafield>
    <marc:datafield tag="583" ind1="1" ind2=" ">
      <marc:subfield code="a">Archivierung/Langzeitarchivierung gewährleistet</marc:subfield>
      <marc:subfield code="f">PEHE</marc:subfield>
      <marc:subfield code="2">pdager</marc:subfield>
      <marc:subfield code="5">DE-43</marc:subfield>
    </marc:datafield>
    <marc:datafield tag="650" ind1=" " ind2="4">
      <marc:subfield code="a">Orient / U.b. Buch</marc:subfield>
    </marc:datafield>
    <marc:datafield tag="650" ind1=" " ind2="4">
      <marc:subfield code="a">Handschrift / Ausstellung</marc:subfield>
    </marc:datafield>
    <marc:datafield tag="650" ind1=" " ind2="4">
      <marc:subfield code="a">Buchkunst / Ausstellung</marc:subfield>
    </marc:datafield>
    <marc:datafield tag="651" ind1=" " ind2="4">
      <marc:subfield code="a">München</marc:subfield>
    </marc:datafield>
    <marc:datafield tag="651" ind1=" " ind2="4">
      <marc:subfield code="a">Orient</marc:subfield>
    </marc:datafield>
    <marc:datafield tag="653" ind1=" " ind2="0">
      <marc:subfield code="a">Books</marc:subfield>
      <marc:subfield code="a">Asia</marc:subfield>
      <marc:subfield code="a">History</marc:subfield>
      <marc:subfield code="a">Exhibitions</marc:subfield>
    </marc:datafield>
    <marc:datafield tag="653" ind1=" " ind2="0">
      <marc:subfield code="a">Manuscripts, Oriental</marc:subfield>
      <marc:subfield code="a">Germany</marc:subfield>
      <marc:subfield code="a">Munich</marc:subfield>
      <marc:subfield code="a">Exhibitions</marc:subfield>
    </marc:datafield>
    <marc:datafield tag="653" ind1=" " ind2="0">
      <marc:subfield code="a">Bayerische Staatsbibliothek</marc:subfield>
      <marc:subfield code="a">Exhibitions</marc:subfield>
    </marc:datafield>
    <marc:datafield tag="655" ind1=" " ind2="7">
      <marc:subfield code="a">Ausstellungskatalog</marc:subfield>
      <marc:subfield code="0">(DE-588)4135467-9</marc:subfield>
      <marc:subfield code="0">(DE-627)10566491X</marc:subfield>
      <marc:subfield code="0">(DE-576)209660988</marc:subfield>
      <marc:subfield code="2">gnd-content</marc:subfield>
    </marc:datafield>
    <marc:datafield tag="655" ind1=" " ind2="7">
      <marc:subfield code="a">Ausstellungskatalog</marc:subfield>
      <marc:subfield code="y">1982</marc:subfield>
      <marc:subfield code="z">München</marc:subfield>
      <marc:subfield code="0">(DE-588)4135467-9</marc:subfield>
      <marc:subfield code="0">(DE-627)10566491X</marc:subfield>
      <marc:subfield code="0">(DE-576)209660988</marc:subfield>
      <marc:subfield code="2">gnd-content</marc:subfield>
    </marc:datafield>
    <marc:datafield tag="689" ind1="0" ind2="0">
      <marc:subfield code="D">s</marc:subfield>
      <marc:subfield code="0">(DE-588)4008570-3</marc:subfield>
      <marc:subfield code="0">(DE-627)106367315</marc:subfield>
      <marc:subfield code="0">(DE-576)208877150</marc:subfield>
      <marc:subfield code="a">Buch</marc:subfield>
      <marc:subfield code="2">gnd</marc:subfield>
    </marc:datafield>
    <marc:datafield tag="689" ind1="0" ind2="1">
      <marc:subfield code="D">g</marc:subfield>
      <marc:subfield code="0">(DE-588)4075699-3</marc:subfield>
      <marc:subfield code="0">(DE-627)106085220</marc:subfield>
      <marc:subfield code="0">(DE-576)209199067</marc:subfield>
      <marc:subfield code="a">Orient</marc:subfield>
      <marc:subfield code="2">gnd</marc:subfield>
    </marc:datafield>
    <marc:datafield tag="689" ind1="0" ind2="2">
      <marc:subfield code="D">b</marc:subfield>
      <marc:subfield code="0">(DE-588)2031351-2</marc:subfield>
      <marc:subfield code="0">(DE-627)102398704</marc:subfield>
      <marc:subfield code="0">(DE-576)19182898X</marc:subfield>
      <marc:subfield code="a">Bayerische Staatsbibliothek</marc:subfield>
      <marc:subfield code="2">gnd</marc:subfield>
    </marc:datafield>
    <marc:datafield tag="689" ind1="0" ind2=" ">
      <marc:subfield code="5">(DE-627)</marc:subfield>
    </marc:datafield>
    <marc:datafield tag="700" ind1="1" ind2=" ">
      <marc:subfield code="a">Dachs, Karl</marc:subfield>
      <marc:subfield code="d">1929-2016</marc:subfield>
      <marc:subfield code="e">Red.</marc:subfield>
      <marc:subfield code="0">(DE-588)119160722</marc:subfield>
      <marc:subfield code="0">(DE-627)079956068</marc:subfield>
      <marc:subfield code="0">(DE-576)160661218</marc:subfield>
      <marc:subfield code="4">adp</marc:subfield>
    </marc:datafield>
    <marc:datafield tag="700" ind1="1" ind2=" ">
      <marc:subfield code="a">Assfalg, Julius</marc:subfield>
      <marc:subfield code="d">1919-2001</marc:subfield>
      <marc:subfield code="0">(DE-588)11901274X</marc:subfield>
      <marc:subfield code="0">(DE-627)079798535</marc:subfield>
      <marc:subfield code="0">(DE-576)210706406</marc:subfield>
      <marc:subfield code="4">oth</marc:subfield>
    </marc:datafield>
    <marc:datafield tag="710" ind1="2" ind2=" ">
      <marc:subfield code="a">Bayerische Staatsbibliothek</marc:subfield>
      <marc:subfield code="0">(DE-588)2031351-2</marc:subfield>
      <marc:subfield code="0">(DE-627)102398704</marc:subfield>
      <marc:subfield code="0">(DE-576)19182898X</marc:subfield>
      <marc:subfield code="4">oth</marc:subfield>
    </marc:datafield>
    <marc:datafield tag="810" ind1="2" ind2=" ">
      <marc:subfield code="a">Bayerische Staatsbibliothek</marc:subfield>
      <marc:subfield code="t">Ausstellungskataloge</marc:subfield>
      <marc:subfield code="v">27</marc:subfield>
      <marc:subfield code="9">27</marc:subfield>
      <marc:subfield code="w">(DE-627)129589403</marc:subfield>
      <marc:subfield code="w">(DE-576)02841053X</marc:subfield>
      <marc:subfield code="w">(DE-600)238642-2</marc:subfield>
      <marc:subfield code="x">1431-6218</marc:subfield>
      <marc:subfield code="7">am</marc:subfield>
    </marc:datafield>
    <marc:datafield tag="856" ind1="4" ind2="2">
      <marc:subfield code="u">https://swbplus.bsz-bw.de/bsz027814084inh.htm</marc:subfield>
      <marc:subfield code="m">B:DE-576;DE-16</marc:subfield>
      <marc:subfield code="q">application/pdf</marc:subfield>
      <marc:subfield code="v">20091208201134</marc:subfield>
      <marc:subfield code="x">Verlag</marc:subfield>
      <marc:subfield code="3">Inhaltsverzeichnis</marc:subfield>
      <marc:subfield code="7">1</marc:subfield>
    </marc:datafield>
    <marc:datafield tag="856" ind1="4" ind2="2">
      <marc:subfield code="u">http://scans.hebis.de/HEBCGI/show.pl?02925964_toc.pdf</marc:subfield>
      <marc:subfield code="m">V:DE-576;B:DE-16</marc:subfield>
      <marc:subfield code="q">application/pdf</marc:subfield>
      <marc:subfield code="3">Inhaltsverzeichnis</marc:subfield>
      <marc:subfield code="7">1</marc:subfield>
    </marc:datafield>
    <marc:datafield tag="912" ind1=" " ind2=" ">
      <marc:subfield code="a">SSG-OPC-bbi</marc:subfield>
    </marc:datafield>
    <marc:datafield tag="912" ind1=" " ind2=" ">
      <marc:subfield code="a">SSG-OPC-vor</marc:subfield>
    </marc:datafield>
    <marc:datafield tag="924" ind1="0" ind2=" ">
      <marc:subfield code="a">45431261X</marc:subfield>
      <marc:subfield code="b">DE-1a</marc:subfield>
      <marc:subfield code="9">1a</marc:subfield>
      <marc:subfield code="c">GBV</marc:subfield>
      <marc:subfield code="d">b</marc:subfield>
      <marc:subfield code="g">OLS Bb 3944</marc:subfield>
      <marc:subfield code="g">4"@Ser. 12079-27</marc:subfield>
      <marc:subfield code="h">2:OLS</marc:subfield>
    </marc:datafield>
    <marc:datafield tag="924" ind1="0" ind2=" ">
      <marc:subfield code="a">453943799</marc:subfield>
      <marc:subfield code="b">DE-1a</marc:subfield>
      <marc:subfield code="9">1a</marc:subfield>
      <marc:subfield code="c">GBV</marc:subfield>
      <marc:subfield code="d">c</marc:subfield>
      <marc:subfield code="g">29 SA 2209-27</marc:subfield>
      <marc:subfield code="h">6</marc:subfield>
    </marc:datafield>
    <marc:datafield tag="924" ind1="0" ind2=" ">
      <marc:subfield code="a">402995759</marc:subfield>
      <marc:subfield code="b">DE-1a</marc:subfield>
      <marc:subfield code="9">1a</marc:subfield>
      <marc:subfield code="c">GBV</marc:subfield>
      <marc:subfield code="d">c</marc:subfield>
      <marc:subfield code="g">29 SA 2209-27&lt;a&gt;</marc:subfield>
      <marc:subfield code="h">6</marc:subfield>
    </marc:datafield>
    <marc:datafield tag="924" ind1="0" ind2=" ">
      <marc:subfield code="a">1706652038</marc:subfield>
      <marc:subfield code="b">DE-84</marc:subfield>
      <marc:subfield code="9">84</marc:subfield>
      <marc:subfield code="c">GBV</marc:subfield>
      <marc:subfield code="d">c</marc:subfield>
      <marc:subfield code="g">2266-9089</marc:subfield>
      <marc:subfield code="h">MAG</marc:subfield>
    </marc:datafield>
    <marc:datafield tag="924" ind1="0" ind2=" ">
      <marc:subfield code="a">228346185</marc:subfield>
      <marc:subfield code="b">DE-46</marc:subfield>
      <marc:subfield code="9">46</marc:subfield>
      <marc:subfield code="c">GBV</marc:subfield>
      <marc:subfield code="d">c</marc:subfield>
      <marc:subfield code="g">02.k.5133</marc:subfield>
      <marc:subfield code="h">Magazin</marc:subfield>
    </marc:datafield>
    <marc:datafield tag="924" ind1="0" ind2=" ">
      <marc:subfield code="a">47536404X</marc:subfield>
      <marc:subfield code="b">DE-18</marc:subfield>
      <marc:subfield code="9">18</marc:subfield>
      <marc:subfield code="c">GBV</marc:subfield>
      <marc:subfield code="d">b</marc:subfield>
      <marc:subfield code="g">HS 6a/1568</marc:subfield>
      <marc:subfield code="g">B 1983/712</marc:subfield>
      <marc:subfield code="h">SUB-HsLS</marc:subfield>
    </marc:datafield>
    <marc:datafield tag="924" ind1="0" ind2=" ">
      <marc:subfield code="a">476814367</marc:subfield>
      <marc:subfield code="b">DE-18</marc:subfield>
      <marc:subfield code="9">18</marc:subfield>
      <marc:subfield code="c">GBV</marc:subfield>
      <marc:subfield code="d">d</marc:subfield>
      <marc:subfield code="g">DBA-Hk-Muen/1982-3</marc:subfield>
      <marc:subfield code="h">18/308-b</marc:subfield>
    </marc:datafield>
    <marc:datafield tag="924" ind1="0" ind2=" ">
      <marc:subfield code="a">1340455951</marc:subfield>
      <marc:subfield code="b">DE-18</marc:subfield>
      <marc:subfield code="9">18</marc:subfield>
      <marc:subfield code="c">GBV</marc:subfield>
      <marc:subfield code="d">d</marc:subfield>
      <marc:subfield code="g">MK 0 8 Gen. Bay.Staats.3</marc:subfield>
      <marc:subfield code="h">18/315</marc:subfield>
    </marc:datafield>
    <marc:datafield tag="924" ind1="0" ind2=" ">
      <marc:subfield code="a">335464335</marc:subfield>
      <marc:subfield code="b">DE-8</marc:subfield>
      <marc:subfield code="9">8</marc:subfield>
      <marc:subfield code="c">GBV</marc:subfield>
      <marc:subfield code="d">c</marc:subfield>
      <marc:subfield code="g">U 2124-27</marc:subfield>
      <marc:subfield code="h">16</marc:subfield>
    </marc:datafield>
    <marc:datafield tag="924" ind1="0" ind2=" ">
      <marc:subfield code="a">4051221229</marc:subfield>
      <marc:subfield code="b">DE-27</marc:subfield>
      <marc:subfield code="9">27</marc:subfield>
      <marc:subfield code="c">GBV</marc:subfield>
      <marc:subfield code="d">c</marc:subfield>
      <marc:subfield code="g">2025 B 238</marc:subfield>
      <marc:subfield code="g">83 B 166</marc:subfield>
      <marc:subfield code="h">Mag</marc:subfield>
    </marc:datafield>
    <marc:datafield tag="924" ind1="0" ind2=" ">
      <marc:subfield code="a">171193059</marc:subfield>
      <marc:subfield code="b">DE-547</marc:subfield>
      <marc:subfield code="9">547</marc:subfield>
      <marc:subfield code="c">GBV</marc:subfield>
      <marc:subfield code="d">c</marc:subfield>
      <marc:subfield code="g">AM 44000 M948 B9</marc:subfield>
      <marc:subfield code="g">Bibliothek Edward Shils</marc:subfield>
      <marc:subfield code="h">LS</marc:subfield>
    </marc:datafield>
    <marc:datafield tag="924" ind1="0" ind2=" ">
      <marc:subfield code="a">29190758X</marc:subfield>
      <marc:subfield code="b">DE-547</marc:subfield>
      <marc:subfield code="9">547</marc:subfield>
      <marc:subfield code="c">GBV</marc:subfield>
      <marc:subfield code="d">c</marc:subfield>
      <marc:subfield code="g">AM 44000 M948 B9</marc:subfield>
      <marc:subfield code="g">Bibliothek der ehem. Kirchlichen Hochschule Naumburg</marc:subfield>
      <marc:subfield code="h">LS</marc:subfield>
    </marc:datafield>
    <marc:datafield tag="924" ind1="0" ind2=" ">
      <marc:subfield code="a">148159443</marc:subfield>
      <marc:subfield code="b">DE-547</marc:subfield>
      <marc:subfield code="9">547</marc:subfield>
      <marc:subfield code="c">GBV</marc:subfield>
      <marc:subfield code="d">c</marc:subfield>
      <marc:subfield code="g">B 01843 (27)</marc:subfield>
      <marc:subfield code="g">Forschungsbibliothek Gotha</marc:subfield>
      <marc:subfield code="h">FBG PMAG</marc:subfield>
    </marc:datafield>
    <marc:datafield tag="924" ind1="0" ind2=" ">
      <marc:subfield code="a">030325285</marc:subfield>
      <marc:subfield code="b">DE-7</marc:subfield>
      <marc:subfield code="9">7</marc:subfield>
      <marc:subfield code="c">GBV</marc:subfield>
      <marc:subfield code="d">b</marc:subfield>
      <marc:subfield code="g">ARA 000 = NR ZA 1217:27</marc:subfield>
      <marc:subfield code="g">Za 946 = NR ZA 1217:27</marc:subfield>
      <marc:subfield code="g">NR ZA 1217:27</marc:subfield>
      <marc:subfield code="h">HG-LS</marc:subfield>
      <marc:subfield code="h">HSD-LS</marc:subfield>
    </marc:datafield>
    <marc:datafield tag="924" ind1="0" ind2=" ">
      <marc:subfield code="a">869229133</marc:subfield>
      <marc:subfield code="b">DE-7</marc:subfield>
      <marc:subfield code="9">7</marc:subfield>
      <marc:subfield code="c">GBV</marc:subfield>
      <marc:subfield code="d">d</marc:subfield>
      <marc:subfield code="g">A 340 (a)</marc:subfield>
      <marc:subfield code="h">7/141</marc:subfield>
    </marc:datafield>
    <marc:datafield tag="924" ind1="0" ind2=" ">
      <marc:subfield code="a">425057801</marc:subfield>
      <marc:subfield code="b">DE-7</marc:subfield>
      <marc:subfield code="9">7</marc:subfield>
      <marc:subfield code="c">GBV</marc:subfield>
      <marc:subfield code="d">d</marc:subfield>
      <marc:subfield code="g">Bibl.40.1982</marc:subfield>
      <marc:subfield code="h">7/154</marc:subfield>
    </marc:datafield>
    <marc:datafield tag="924" ind1="0" ind2=" ">
      <marc:subfield code="a">1269704109</marc:subfield>
      <marc:subfield code="b">DE-7</marc:subfield>
      <marc:subfield code="9">7</marc:subfield>
      <marc:subfield code="c">GBV</marc:subfield>
      <marc:subfield code="d">d</marc:subfield>
      <marc:subfield code="g">S-X 59/40</marc:subfield>
      <marc:subfield code="h">7/055</marc:subfield>
    </marc:datafield>
    <marc:datafield tag="924" ind1="0" ind2=" ">
      <marc:subfield code="a">1411367952</marc:subfield>
      <marc:subfield code="b">DE-7</marc:subfield>
      <marc:subfield code="9">7</marc:subfield>
      <marc:subfield code="c">GBV</marc:subfield>
      <marc:subfield code="d">d</marc:subfield>
      <marc:subfield code="g">A 340</marc:subfield>
      <marc:subfield code="h">7/141</marc:subfield>
    </marc:datafield>
    <marc:datafield tag="924" ind1="0" ind2=" ">
      <marc:subfield code="a">030325277</marc:subfield>
      <marc:subfield code="b">DE-23</marc:subfield>
      <marc:subfield code="9">23</marc:subfield>
      <marc:subfield code="c">GBV</marc:subfield>
      <marc:subfield code="d">c</marc:subfield>
      <marc:subfield code="g">HS 51-2766</marc:subfield>
      <marc:subfield code="g">F4° 1062:27</marc:subfield>
    </marc:datafield>
    <marc:datafield tag="924" ind1="0" ind2=" ">
      <marc:subfield code="a">336332157</marc:subfield>
      <marc:subfield code="b">DE-32</marc:subfield>
      <marc:subfield code="9">32</marc:subfield>
      <marc:subfield code="c">GBV</marc:subfield>
      <marc:subfield code="d">c</marc:subfield>
      <marc:subfield code="g">105573 - B</marc:subfield>
      <marc:subfield code="h">MAG</marc:subfield>
    </marc:datafield>
    <marc:datafield tag="924" ind1="0" ind2=" ">
      <marc:subfield code="a">310203473</marc:subfield>
      <marc:subfield code="b">DE-28</marc:subfield>
      <marc:subfield code="9">28</marc:subfield>
      <marc:subfield code="c">GBV</marc:subfield>
      <marc:subfield code="d">d</marc:subfield>
      <marc:subfield code="g">AN 18600 D117</marc:subfield>
      <marc:subfield code="g">83 B 154</marc:subfield>
      <marc:subfield code="h">28-HAS</marc:subfield>
    </marc:datafield>
    <marc:datafield tag="924" ind1="0" ind2=" ">
      <marc:subfield code="a">23317236X</marc:subfield>
      <marc:subfield code="b">DE-3</marc:subfield>
      <marc:subfield code="9">3</marc:subfield>
      <marc:subfield code="c">GBV</marc:subfield>
      <marc:subfield code="d">c</marc:subfield>
      <marc:subfield code="g">83 B 982</marc:subfield>
      <marc:subfield code="h">M3</marc:subfield>
    </marc:datafield>
    <marc:datafield tag="924" ind1="0" ind2=" ">
      <marc:subfield code="a">4789723372</marc:subfield>
      <marc:subfield code="b">DE-9</marc:subfield>
      <marc:subfield code="9">9</marc:subfield>
      <marc:subfield code="c">GBV</marc:subfield>
      <marc:subfield code="d">c</marc:subfield>
      <marc:subfield code="g">000/Ac 888:3(27) 4°</marc:subfield>
      <marc:subfield code="h">UB 000</marc:subfield>
    </marc:datafield>
    <marc:datafield tag="924" ind1="0" ind2=" ">
      <marc:subfield code="a">030325293</marc:subfield>
      <marc:subfield code="b">DE-35</marc:subfield>
      <marc:subfield code="9">35</marc:subfield>
      <marc:subfield code="c">GBV</marc:subfield>
      <marc:subfield code="d">c</marc:subfield>
      <marc:subfield code="g">83/20632</marc:subfield>
      <marc:subfield code="h">ZEN</marc:subfield>
    </marc:datafield>
    <marc:datafield tag="924" ind1="0" ind2=" ">
      <marc:subfield code="a">390455598</marc:subfield>
      <marc:subfield code="b">DE-HIL3</marc:subfield>
      <marc:subfield code="9">Hil 3</marc:subfield>
      <marc:subfield code="c">GBV</marc:subfield>
      <marc:subfield code="d">c</marc:subfield>
      <marc:subfield code="g">INF 1000/90</marc:subfield>
      <marc:subfield code="h">Z</marc:subfield>
    </marc:datafield>
    <marc:datafield tag="924" ind1="0" ind2=" ">
      <marc:subfield code="a">783362331</marc:subfield>
      <marc:subfield code="b">DE-715</marc:subfield>
      <marc:subfield code="9">715</marc:subfield>
      <marc:subfield code="c">GBV</marc:subfield>
      <marc:subfield code="d">c</marc:subfield>
      <marc:subfield code="g">bub 090 AZ 1866</marc:subfield>
    </marc:datafield>
    <marc:datafield tag="924" ind1="0" ind2=" ">
      <marc:subfield code="a">834964821</marc:subfield>
      <marc:subfield code="b">DE-Ha33</marc:subfield>
      <marc:subfield code="9">Ha 33</marc:subfield>
      <marc:subfield code="c">GBV</marc:subfield>
      <marc:subfield code="d">d</marc:subfield>
      <marc:subfield code="g">BEm 909</marc:subfield>
    </marc:datafield>
    <marc:datafield tag="924" ind1="0" ind2=" ">
      <marc:subfield code="a">843740256</marc:subfield>
      <marc:subfield code="b">DE-Ha33</marc:subfield>
      <marc:subfield code="9">Ha 33</marc:subfield>
      <marc:subfield code="c">GBV</marc:subfield>
      <marc:subfield code="d">d</marc:subfield>
      <marc:subfield code="g">S/SELL:4681</marc:subfield>
    </marc:datafield>
    <marc:datafield tag="924" ind1="0" ind2=" ">
      <marc:subfield code="a">798549254</marc:subfield>
      <marc:subfield code="b">DE-B4</marc:subfield>
      <marc:subfield code="9">B 4</marc:subfield>
      <marc:subfield code="c">GBV</marc:subfield>
      <marc:subfield code="d">c</marc:subfield>
      <marc:subfield code="g">Allg. 2.10.15652</marc:subfield>
      <marc:subfield code="h">B4/360</marc:subfield>
    </marc:datafield>
    <marc:datafield tag="924" ind1="0" ind2=" ">
      <marc:subfield code="a">882476807</marc:subfield>
      <marc:subfield code="b">DE-B4</marc:subfield>
      <marc:subfield code="9">B 4</marc:subfield>
      <marc:subfield code="c">GBV</marc:subfield>
      <marc:subfield code="d">d</marc:subfield>
      <marc:subfield code="g">Allg. 2.10./15652 So.-Sto.: Turfan</marc:subfield>
      <marc:subfield code="h">B4/360/Turfan</marc:subfield>
    </marc:datafield>
    <marc:datafield tag="924" ind1="0" ind2=" ">
      <marc:subfield code="a">940174898</marc:subfield>
      <marc:subfield code="b">DE-B11</marc:subfield>
      <marc:subfield code="9">B 11</marc:subfield>
      <marc:subfield code="c">GBV</marc:subfield>
      <marc:subfield code="d">d</marc:subfield>
      <marc:subfield code="g">DA 1224 - mtl</marc:subfield>
      <marc:subfield code="g">:DA:1224:-:mtl:</marc:subfield>
      <marc:subfield code="h">KB</marc:subfield>
    </marc:datafield>
    <marc:datafield tag="924" ind1="0" ind2=" ">
      <marc:subfield code="a">1469245094</marc:subfield>
      <marc:subfield code="b">DE-B11b</marc:subfield>
      <marc:subfield code="9">B 11</marc:subfield>
      <marc:subfield code="c">GBV</marc:subfield>
      <marc:subfield code="d">d</marc:subfield>
      <marc:subfield code="g">AM 44000 1982 001</marc:subfield>
      <marc:subfield code="h">HF-A8</marc:subfield>
    </marc:datafield>
    <marc:datafield tag="924" ind1="0" ind2=" ">
      <marc:subfield code="a">1456403400</marc:subfield>
      <marc:subfield code="b">DE-B11n</marc:subfield>
      <marc:subfield code="9">B 11</marc:subfield>
      <marc:subfield code="c">GBV</marc:subfield>
      <marc:subfield code="d">d</marc:subfield>
      <marc:subfield code="g">Buchkunst/Kataloge/Mü</marc:subfield>
      <marc:subfield code="h">ISL</marc:subfield>
    </marc:datafield>
    <marc:datafield tag="924" ind1="0" ind2=" ">
      <marc:subfield code="a">3111760618</marc:subfield>
      <marc:subfield code="b">DE-21</marc:subfield>
      <marc:subfield code="9">21</marc:subfield>
      <marc:subfield code="c">BSZ</marc:subfield>
      <marc:subfield code="d">c</marc:subfield>
      <marc:subfield code="g">22 B 1638</marc:subfield>
    </marc:datafield>
    <marc:datafield tag="924" ind1="0" ind2=" ">
      <marc:subfield code="a">3111760723</marc:subfield>
      <marc:subfield code="b">DE-25</marc:subfield>
      <marc:subfield code="9">25</marc:subfield>
      <marc:subfield code="c">BSZ</marc:subfield>
      <marc:subfield code="d">c</marc:subfield>
      <marc:subfield code="g">TX 82/1400</marc:subfield>
    </marc:datafield>
    <marc:datafield tag="924" ind1="0" ind2=" ">
      <marc:subfield code="a">3111760790</marc:subfield>
      <marc:subfield code="b">DE-291</marc:subfield>
      <marc:subfield code="9">291</marc:subfield>
      <marc:subfield code="c">BSZ</marc:subfield>
      <marc:subfield code="d">b</marc:subfield>
      <marc:subfield code="g">4 2007-316</marc:subfield>
    </marc:datafield>
    <marc:datafield tag="924" ind1="0" ind2=" ">
      <marc:subfield code="a">3111760871</marc:subfield>
      <marc:subfield code="b">DE-14</marc:subfield>
      <marc:subfield code="9">14</marc:subfield>
      <marc:subfield code="c">BSZ</marc:subfield>
      <marc:subfield code="d">c</marc:subfield>
    </marc:datafield>
    <marc:datafield tag="924" ind1="0" ind2=" ">
      <marc:subfield code="a">3111760987</marc:subfield>
      <marc:subfield code="b">DE-24</marc:subfield>
      <marc:subfield code="9">24</marc:subfield>
      <marc:subfield code="c">BSZ</marc:subfield>
      <marc:subfield code="d">c</marc:subfield>
      <marc:subfield code="g">33a/900</marc:subfield>
    </marc:datafield>
    <marc:datafield tag="924" ind1="0" ind2=" ">
      <marc:subfield code="a">3111761088</marc:subfield>
      <marc:subfield code="b">DE-15</marc:subfield>
      <marc:subfield code="9">15</marc:subfield>
      <marc:subfield code="c">BSZ</marc:subfield>
      <marc:subfield code="d">c</marc:subfield>
    </marc:datafield>
    <marc:datafield tag="924" ind1="0" ind2=" ">
      <marc:subfield code="a">3111761185</marc:subfield>
      <marc:subfield code="b">DE-16</marc:subfield>
      <marc:subfield code="9">16</marc:subfield>
      <marc:subfield code="c">BSZ</marc:subfield>
      <marc:subfield code="d">c</marc:subfield>
      <marc:subfield code="g">83 B 529</marc:subfield>
    </marc:datafield>
    <marc:datafield tag="924" ind1="0" ind2=" ">
      <marc:subfield code="a">311176124X</marc:subfield>
      <marc:subfield code="b">DE-16-77</marc:subfield>
      <marc:subfield code="9">16/77</marc:subfield>
      <marc:subfield code="c">BSZ</marc:subfield>
      <marc:subfield code="d">c</marc:subfield>
      <marc:subfield code="g">100 kul 83/70</marc:subfield>
    </marc:datafield>
    <marc:datafield tag="924" ind1="0" ind2=" ">
      <marc:subfield code="a">3111761282</marc:subfield>
      <marc:subfield code="b">DE-16-122</marc:subfield>
      <marc:subfield code="9">16/122</marc:subfield>
      <marc:subfield code="c">BSZ</marc:subfield>
      <marc:subfield code="d">c</marc:subfield>
      <marc:subfield code="g">Z8.A78 B82 1982</marc:subfield>
    </marc:datafield>
    <marc:datafield tag="924" ind1="0" ind2=" ">
      <marc:subfield code="a">3111761371</marc:subfield>
      <marc:subfield code="b">DE-31</marc:subfield>
      <marc:subfield code="9">31</marc:subfield>
      <marc:subfield code="c">BSZ</marc:subfield>
      <marc:subfield code="d">b</marc:subfield>
      <marc:subfield code="g">83 B 716</marc:subfield>
    </marc:datafield>
    <marc:datafield tag="924" ind1="0" ind2=" ">
      <marc:subfield code="a">4879576751</marc:subfield>
      <marc:subfield code="b">DE-77-004</marc:subfield>
      <marc:subfield code="9">77/004</marc:subfield>
      <marc:subfield code="c">BSZ</marc:subfield>
      <marc:subfield code="d">b</marc:subfield>
      <marc:subfield code="g">Ch 72</marc:subfield>
      <marc:subfield code="h">Standort Buchwissenschaft</marc:subfield>
    </marc:datafield>
    <marc:datafield tag="924" ind1="0" ind2=" ">
      <marc:subfield code="a">4154274988</marc:subfield>
      <marc:subfield code="b">DE-N1</marc:subfield>
      <marc:subfield code="9">N 1</marc:subfield>
      <marc:subfield code="c">BSZ</marc:subfield>
      <marc:subfield code="d">b</marc:subfield>
    </marc:datafield>
    <marc:datafield tag="924" ind1="0" ind2=" ">
      <marc:subfield code="a">3111761452</marc:subfield>
      <marc:subfield code="b">DE-He116</marc:subfield>
      <marc:subfield code="9">He 116</marc:subfield>
      <marc:subfield code="c">BSZ</marc:subfield>
      <marc:subfield code="d">c</marc:subfield>
      <marc:subfield code="g">296.970.74 DACH</marc:subfield>
    </marc:datafield>
    <marc:datafield tag="924" ind1="0" ind2=" ">
      <marc:subfield code="a">4326693533</marc:subfield>
      <marc:subfield code="b">DE-Stg5</marc:subfield>
      <marc:subfield code="9">Stg 5</marc:subfield>
      <marc:subfield code="c">BSZ</marc:subfield>
      <marc:subfield code="d">b</marc:subfield>
      <marc:subfield code="g">Dc 203</marc:subfield>
    </marc:datafield>
    <marc:datafield tag="924" ind1="0" ind2=" ">
      <marc:subfield code="a">3111761525</marc:subfield>
      <marc:subfield code="b">DE-F146</marc:subfield>
      <marc:subfield code="9">F 146</marc:subfield>
      <marc:subfield code="c">BSZ</marc:subfield>
      <marc:subfield code="d">b</marc:subfield>
      <marc:subfield code="g">O SÜD 1.15 001</marc:subfield>
    </marc:datafield>
    <marc:datafield tag="924" ind1="0" ind2=" ">
      <marc:subfield code="a">4670862251</marc:subfield>
      <marc:subfield code="b">CH-001243-0</marc:subfield>
      <marc:subfield code="9">CH-001243-0</marc:subfield>
      <marc:subfield code="c">BSZ</marc:subfield>
      <marc:subfield code="d">d</marc:subfield>
      <marc:subfield code="g">GAs 758</marc:subfield>
    </marc:datafield>
    <marc:datafield tag="924" ind1="0" ind2=" ">
      <marc:subfield code="a">4820976451</marc:subfield>
      <marc:subfield code="b">DE-364</marc:subfield>
      <marc:subfield code="9">364</marc:subfield>
      <marc:subfield code="c">BSZ</marc:subfield>
      <marc:subfield code="d">c</marc:subfield>
      <marc:subfield code="g">92.5901</marc:subfield>
    </marc:datafield>
    <marc:datafield tag="935" ind1=" " ind2=" ">
      <marc:subfield code="i">Blocktest</marc:subfield>
    </marc:datafield>
    <marc:datafield tag="935" ind1=" " ind2=" ">
      <marc:subfield code="s">DE-16-77</marc:subfield>
    </marc:datafield>
    <marc:datafield tag="936" ind1="r" ind2="v">
      <marc:subfield code="a">AM 44000</marc:subfield>
      <marc:subfield code="b">Ausstellungen, Ausstellungskataloge</marc:subfield>
      <marc:subfield code="k">Allgemeines</marc:subfield>
      <marc:subfield code="k">Schrift und Handschriftenkunde. Schriftarten und Schreiben</marc:subfield>
      <marc:subfield code="k">Handschriftenkunde</marc:subfield>
      <marc:subfield code="k">Geschichte und Forschung</marc:subfield>
      <marc:subfield code="k">Ausstellungen, Ausstellungskataloge</marc:subfield>
      <marc:subfield code="0">(DE-627)1270665987</marc:subfield>
      <marc:subfield code="0">(DE-625)rvk/4296:</marc:subfield>
      <marc:subfield code="0">(DE-576)200665987</marc:subfield>
    </marc:datafield>
    <marc:datafield tag="936" ind1="r" ind2="v">
      <marc:subfield code="a">EL 7650</marc:subfield>
      <marc:subfield code="b">Festschriften</marc:subfield>
      <marc:subfield code="k">Allgemeine und vergleichende Sprach- und Literaturwissenschaft. Indogermanistik. Außereuropäische Sprachen und Literaturen</marc:subfield>
      <marc:subfield code="k">Orientalistik</marc:subfield>
      <marc:subfield code="k">Allgemeines</marc:subfield>
      <marc:subfield code="k">Festschriften</marc:subfield>
      <marc:subfield code="0">(DE-627)1271231751</marc:subfield>
      <marc:subfield code="0">(DE-625)rvk/24825:</marc:subfield>
      <marc:subfield code="0">(DE-576)201231751</marc:subfield>
    </marc:datafield>
    <marc:datafield tag="936" ind1="b" ind2="k">
      <marc:subfield code="a">06.17</marc:subfield>
      <marc:subfield code="j">Orientalische Handschriftenkunde</marc:subfield>
      <marc:subfield code="0">(DE-627)106403516</marc:subfield>
    </marc:datafield>
    <marc:datafield tag="936" ind1="b" ind2="k">
      <marc:subfield code="a">06.21</marc:subfield>
      <marc:subfield code="j">Buchgeschichte</marc:subfield>
      <marc:subfield code="0">(DE-627)106403605</marc:subfield>
    </marc:datafield>
    <marc:datafield tag="936" ind1="s" ind2="n">
      <marc:subfield code="a">a200</marc:subfield>
      <marc:subfield code="2">mzub</marc:subfield>
    </marc:datafield>
    <marc:datafield tag="936" ind1="s" ind2="n">
      <marc:subfield code="a">e300</marc:subfield>
      <marc:subfield code="2">mzub</marc:subfield>
    </marc:datafield>
    <marc:datafield tag="936" ind1="s" ind2="n">
      <marc:subfield code="a">a100</marc:subfield>
      <marc:subfield code="2">mzub</marc:subfield>
    </marc:datafield>
    <marc:datafield tag="936" ind1="s" ind2="n">
      <marc:subfield code="a">b100</marc:subfield>
      <marc:subfield code="2">mzub</marc:subfield>
    </marc:datafield>
    <marc:datafield tag="936" ind1="s" ind2="n">
      <marc:subfield code="a">l300</marc:subfield>
      <marc:subfield code="2">mzub</marc:subfield>
    </marc:datafield>
    <marc:datafield tag="951" ind1=" " ind2=" ">
      <marc:subfield code="a">BO</marc:subfield>
    </marc:datafield>
  </marc:record>
</marc:collection>
